000 00317nam a22001217a 4500
082 _a158
_bSUK/L
100 _aSUKHABODHANANDA,SWAMI
245 _aLOOKING AT LIFE DIFFERENTLY
260 _aBANGALORE
_bPRASANNA TRUST
300 _a230
650 _aMINIMISING TENSIONS, MAXIMISING EFFECTIVENESS
_zBANGALORE
942 _cBK
999 _c5621
_d5621